=LDR 00000nam 2200000 4500 =001 INLIS000000000028274 =005 20130612130606 =008 ***********************************Ind** =035 ##$$0010-061300000028274 =041 ##$$a Ind =082 ##$$a 375.07 =090 ##$$a 375.07, Uto p =100 ##$$a Utomo, Erry =245 ##$$a Pokok-pokok pengertian dan pelaksanaan kurikulum muatan lokal, Erry Utomo; Sumiyati; Suwandi =260 ##$$a 1997 $b Jakarta =300 ##$$a vi, 40 hlm, 22 cm =650 ##$$a Kurikulum =850 ##$$a NBPNMAT